00408nam a2200169Ia 4500003000400000005001700004008004100021020001500062040000700077041000800084082001700092100002300109245003800132260004000170300001600210365001200226OSt20230417105508.0210423s2007 xx 000 0 und d a813090456X cAL aeng a809.935 BLOH aBLOOM (Harold),Ed. aJoseph Conrads heart of darkness. aNew DelhibViva Books Pvt Ltdc2007 avii,152bPB b99cINR